00644nam a22001817a 4500008004100000017001400041018000900055020001500064040002400079050001800103082000800121245013400129260010600263300003000369500002900399563001000428650002400438230428b |||||||| |||| 00| 0 eng d a2007-2467 a2007 a9782838349 aNLNbEnglisheAACR2 aPM8008b.L287 a400 aLANGUAGE in education and society :ban anthology of selected writings of Conrad Max Benedict Brann /cCompiled by Baba Mai Bello aMaiduguri (P.M.B. 2001 University of Maiduguri):bLibrary of Language in Education and Society,c2006 aX, 759p. :b ill. ; 24cm. aBibliography: P. 700-729 a(pbk) aLanguage, Universal